MARC

LEADER 00000nas a2200000 a 4500
001 ssj0005227
003 WaSeSS
005 20200512172242.0
006 m d
007 cr n
008 991026c19879999mauqx pss 0 a0eng c
010 |a  2004233083 
016 7 |a 012434945  |2 Uk 
022 |a 1573-7128  |l 0889-3047  |y 0889-3047 
035 |a (WaSeSS)ssj0005227 
040 |a F#A  |b eng  |c F#A  |d OCLCQ  |d GUA  |d OCL  |d OH1  |d OCLCQ  |d U9S  |d CIT  |d GUA  |d OCLCQ  |d UKMGB  |d OCLCQ  |d OCLCF  |d OCLCQ  |d VT2  |d DLC  |d WaSeSS 
042 |a pcc 
043 |a e-au--- 
050 0 0 |a HB98 
082 0 4 |a 330.157 
130 0 |a Review of Austrian economics (Online) 
210 0 |a Rev. Austrian econ.  |b (Dordr., Online) 
222 4 |a The review of Austrian economics  |b (Dordrecht. Online) 
245 1 4 |a The review of Austrian economics  |h [electronic resource]. 
260 |a Norwell, MA :  |b Kluwer Academic Publishers 
310 |a Four no. a year,  |b 2001- 
321 |a Two no. a year,  |b 1991-2000 
321 |a One issue a year,  |b 1987-1990 
362 1 |a Print began with vol. 1, published in 1987. 
506 |a License restrictions may limit access. 
515 |a Some nos. issued in combined form. 
538 |a Mode of access: World Wide Web. 
588 |a Description based on: Vol. 11, issue 1/2 (1999); title from contents screen (publisher's Web site, viewed Feb. 19, 2004). 
588 |a Latest issue consulted: Vol. 32, issue 4 (Dec. 2019), viewed Nov. 12, 2019. 
650 0 |a Austrian school of economics  |v Periodicals. 
650 6 |a École autrichienne d'économie politique  |x Périodiques. 
650 7 |a Austrian school of economics.  |2 fast  |0 (OCoLC)fst00821571 
655 0 |a Electronic journals. 
776 0 8 |i Print version:  |t Review of Austrian economics  |x 0889-3047  |w (DLC) 87654025  |w (OCoLC)13844230 
785 0 1 |t Quarterly journal of Austrian economics (Online)  |g 1998  |x 1936-4806  |w (DLC) 2007215122  |w (OCoLC)53929018 
850 |a DLC 
856 4 0 |z Full text available from Research Library: 02/01/2000 to 1 year ago  |u https://search.proquest.com/publication/45050